000 00595nam a2200169 a 4500
001 000035332
005 20200930074250.0
008 111027s1954 xxu 000 0 eng d
040 _aDO-SdBNP
_bspa
_cBNPHU
082 _axxxx
_bM281d
100 1 _aMann, Thomas
_961111
245 1 0 _aDeath in venice and Seven other stories /
_cThomas Mann ; translated from the german H. T. Lowe-Porter.
260 _aNew York :
_bVintage Books,
_c1954.
300 _a404 p. ;
_c18 cm.
590 _aPerteneció a la biblioteca personal de Juan Isidro Jimenes Grullón
700 1 _aLowe-Porter, H. T.,
_etr.
_911609
999 _c34823
_d34823